Programování v jazyku GW BASIC /

Gespeichert in:
Bibliographische Detailangaben
1. Verfasser: Jandoš, Jaroslav (Verfasst von)
Format: Buch
Veröffentlicht: Praha : NOTO, 1988
Tags: Tag hinzufügen
Keine Tags, Fügen Sie das erste Tag hinzu!

MARC

LEADER 00000nam a22000003a 4500
001 stu48073
005 20150617225708.3
008 ------s1988----cs----------------------d
040 |a STU  |b slo 
041 0
044 |a cs 
080 |a 681.3.06 
100 1 |a Jandoš, Jaroslav  |4 aut 
245 1 |a Programování v jazyku GW BASIC /  |c [aut.] Jandoš,Jaroslav 
260 |a Praha :  |b NOTO,  |c 1988 
300 |a 161 s 
996 |b J81998  |c J*81998-81200/K 11  |l JJK11  |s P  |a 0  |w stu48073_0001